<?xml version="1.0" encoding="UTF-8"?>
<record
    xmlns:xsi="http://www.w3.org/2001/XMLSchema-instance"
    xsi:schemaLocation="http://www.loc.gov/MARC21/slim http://www.loc.gov/standards/marcxml/schema/MARC21slim.xsd"
    xmlns="http://www.loc.gov/MARC21/slim">

  <leader>00738nam a22002297a 4500</leader>
  <controlfield tag="005">20150318112535.0</controlfield>
  <controlfield tag="008">140714b        xxu||||| |||| 00| 0 Urdu d</controlfield>
  <datafield tag="010" ind1=" " ind2=" ">
    <subfield code="a">UR-8735</subfield>
  </datafield>
  <datafield tag="020" ind1="q" ind2=" ">
    <subfield code="a">9789380279046</subfield>
    <subfield code="c">145.00</subfield>
  </datafield>
  <datafield tag="035" ind1=" " ind2=" ">
    <subfield code="a">U-7290</subfield>
  </datafield>
  <datafield tag="037" ind1=" " ind2=" ">
    <subfield code="b">DBAD/Pub.</subfield>
  </datafield>
  <datafield tag="040" ind1=" " ind2=" ">
    <subfield code="a">DPL</subfield>
    <subfield code="b">Urdu</subfield>
  </datafield>
  <datafield tag="082" ind1=" " ind2=" ">
    <subfield code="a">841.08</subfield>
  </datafield>
  <datafield tag="100" ind1=" " ind2=" ">
    <subfield code="a">&#x634;&#x64A;&#x646; &#x6A9;&#x627; &#x641; &#x646;&#x638;&#x627; &#x645;</subfield>
  </datafield>
  <datafield tag="110" ind1=" " ind2=" ">
    <subfield code="b">-</subfield>
  </datafield>
  <datafield tag="245" ind1=" " ind2=" ">
    <subfield code="a">&#x200E;&#x645;&#x639;&#x646;&#x6CC; &#x62F; &#x631; &#x645;&#x639;&#x646;&#x6CC; : &#x645;&#x62C;&#x645;&#x648; &#x639;&#x6C1; &#x645;&#x636;&#x627; &#x645;&#x64A;&#x646;</subfield>
    <subfield code="c">&#x634;&#x64A;&#x646; &#x6A9;&#x627; &#x641; &#x646;&#x638;&#x627; &#x645;</subfield>
  </datafield>
  <datafield tag="246" ind1=" " ind2=" ">
    <subfield code="a">Maani Dar Maaani</subfield>
    <subfield code="b">By Sheen Kaaf Nizam</subfield>
  </datafield>
  <datafield tag="260" ind1=" " ind2=" ">
    <subfield code="a">&#x62F; &#x6BE;&#x644;&#x6CC;</subfield>
    <subfield code="b">Shahid Publications</subfield>
    <subfield code="c">2010</subfield>
  </datafield>
  <datafield tag="270" ind1=" " ind2=" ">
    <subfield code="a">2253,Resham Street,Kucha Chelan, Darya Ganj,</subfield>
    <subfield code="b">New Delhi</subfield>
    <subfield code="e">110002</subfield>
  </datafield>
  <datafield tag="300" ind1=" " ind2=" ">
    <subfield code="a">310&#x635;</subfield>
    <subfield code="c">22Cm (Hb)</subfield>
  </datafield>
  <datafield tag="942" ind1=" " ind2=" ">
    <subfield code="2">ddc</subfield>
    <subfield code="c">UR</subfield>
    <subfield code="h">841.8</subfield>
    <subfield code="m">&#x634; &#x6CC; &#x646;</subfield>
  </datafield>
  <datafield tag="999" ind1=" " ind2=" ">
    <subfield code="c">92294</subfield>
    <subfield code="d">92294</subfield>
  </datafield>
  <datafield tag="952" ind1=" " ind2=" ">
    <subfield code="0">0</subfield>
    <subfield code="1">0</subfield>
    <subfield code="2">ddc</subfield>
    <subfield code="4">0</subfield>
    <subfield code="7">1</subfield>
    <subfield code="8">NFIC</subfield>
    <subfield code="a">DBAD</subfield>
    <subfield code="b">DBAD</subfield>
    <subfield code="d">2015-03-18</subfield>
    <subfield code="e">DBAD/Pub.</subfield>
    <subfield code="g">145.00</subfield>
    <subfield code="l">0</subfield>
    <subfield code="o">841.8 &#x634; &#x6CC; &#x646;</subfield>
    <subfield code="p">U-7290</subfield>
    <subfield code="r">2015-03-18 00:00:00</subfield>
    <subfield code="t">1</subfield>
    <subfield code="v">145.00</subfield>
    <subfield code="w">2015-03-18</subfield>
    <subfield code="y">UR</subfield>
  </datafield>
</record>
